| 000 | 00724nam a2200205 i 4500 | ||
|---|---|---|---|
| 001 | 137647 | ||
| 003 | ES-MaACL | ||
| 005 | 20250727021935.0 | ||
| 007 | t| | ||
| 008 | 070214s1915 sp r ||||1| spa d | ||
| 100 | 1 |
_aSaldaña, Quintiliano, _d1878-1938 _9101861 |
|
| 245 | 1 | 3 |
_aLa antropología criminal y la justicia penal / _cQuintiliano Saldaña. |
| 260 |
_aMadrid : _bHijos de Reus, _c1915. |
||
| 300 |
_a99 p. ; _c23 cm. |
||
| 490 | 1 |
_aBiblioteca de la Revista General de Legislación y Jurisprudencia ; _v6 |
|
| 650 | 0 | 7 |
_aAntropología criminal _2embne _99866 |
| 830 | 0 |
_aBiblioteca de la Revista General de Legislación y Jurisprudencia ; _v6 _9182870 |
|
| 852 |
_aES-MaACL _j1491-F-14 |
||
| 999 |
_c137647 _d137647 |
||